Biometric User Model for Recognition on the Web

Gespeichert in:
Bibliographische Detailangaben
1. Verfasser: Krátky, Peter (Verfasst von)
Weitere Verfasser: Chudá, Daniela (Betreuung Doktorarbeit)
Format: Manuskript Buch
Sprache:Slowakisch
Englisch
Veröffentlicht: 2017
Schlagworte:
Online-Zugang:http://is.stuba.sk/zp/portal_zp.pl?podrobnosti=133949
Tags: Tag hinzufügen
Keine Tags, Fügen Sie das erste Tag hinzu!

MARC

LEADER 00000ntm a22000003a 4500
001 stuzp42724
003 SK-STU
005 20180423134024.2
007 ta
008 150427s2015----xo-----f-mn---000-0-slo-d
040 |a STU  |b slo 
041 0 |a eng 
100 1 |a Krátky, Peter  |u 070200  |k Z3  |4 aut  |U FIIT Fakulta informatiky a informačných technológií  |T FIIT Ústav informatiky, informačných systémov a softvérového inžinierstva  |X 56202  |U I200  |Y 179  |7 56202 
242 0 1 |a Biometrický model používateľa pre jeho rozpoznanie na webe  |y slo 
245 1 0 |a Biometric User Model for Recognition on the Web 
260 |c 2017 
650 4 |a identifikácia používateľa  |2 slo 
650 4 |a biometrické charakteristiky  |2 slo 
650 4 |a rozpoznanie používateľa na webe  |2 slo 
650 4 |a biometria podľa práce s myšou  |2 slo 
650 4 |a jemné biometrické črty  |2 slo 
650 4 |a behaviorálna biometria  |2 slo 
650 4 |a implicitné modelovanie používateľa  |2 slo 
650 4 |a soft biometric traits  |2 eng 
650 4 |a implicit user modeling  |2 eng 
650 4 |a person identification  |2 eng 
650 4 |a behavioural biometrics  |2 eng 
650 4 |a biometric traits  |2 eng 
650 4 |a recognition of web users  |2 eng 
650 4 |a computer mouse usage biometrics  |2 eng 
700 1 |a Chudá, Daniela  |u 070200  |k Z1  |4 ths  |U FIIT Fakulta informatiky a informačných technológií  |T FIIT Ústav informatiky, informačných systémov a softvérového inžinierstva  |X 38061  |U I200  |Y 179  |7 000038061 
856 4 |u http://is.stuba.sk/zp/portal_zp.pl?podrobnosti=133949 
996 |b 11088  |c I* DIZ3/17  |l II680  |s P  |a 0  |w stuzp42724_0001